Countries in which the Smashing Pumpkins Played Concerts - Statistics

General Stats
  • This quiz has been taken 94 times
  • The average score is 35 of 46
Answer Stats
Concerts Country % Correct
911 United States
100%
56 Canada
98%
81 United Kingdom
96%
9 Brazil
95%
51 Germany
95%
31 Japan
95%
8 Mexico
95%
22 Spain
93%
45 Australia
92%
1 China (Hong Kong)
92%
39 France
92%
11 Sweden
92%
15 Italy
90%
7 Norway
90%
4 Argentina
89%
3 Russia
89%
20 Belgium
87%
3 Finland
86%
7 Ireland
84%
24 Netherlands
84%
11 New Zealand
83%
9 Switzerland
82%
3 Chile
81%
1 Greece
81%
12 Portugal
81%
6 Austria
80%
12 Denmark
80%
3 Poland
80%
3 South Korea
78%
2 Peru
75%
2 Colombia
73%
3 South Africa
72%
5 Czechia
71%
1 Turkey
66%
1 Indonesia
64%
1 Thailand
61%
1 Venezuela
60%
1 Slovakia
59%
1 Slovenia
53%
1 Philippines
52%
1 Taiwan
52%
2 Singapore
51%
1 Malaysia
47%
3 Luxembourg
46%
1 Costa Rica
37%
1 Paraguay
33%
No matching quizzes found
Score Distribution
Percent of People with Each Score
Percentile by Number Answered
Your Score History
You have not taken this quiz